Fr. Conceicao Rodrigues College of Engineering

The challenges of the Balance (Record no. 28312)

MARC details
000 -LEADER
fixed length control field 00314nam a2200145Ia 4500
082 ## - DEWEY DECIMAL CLASSIFICATION NUMBER
Classification number 333.7
Item number ANI
100 ## - MAIN ENTRY--PERSONAL NAME
Personal name Anil Agarwal ./ed
245 ## - TITLE STATEMENT
Title The challenges of the Balance
260 ## - PUBLICATION, DISTRIBUTION, ETC.
Name of publisher, distributor, etc. Knowledge Book
Date of publication, distribution, etc. 2004
300 ## - PHYSICAL DESCRIPTION
Extent 388
546 ## - LANGUAGE NOTE
Language note ENGLISH
650 ## - SUBJECT ADDED ENTRY--TOPICAL TERM
Topical term or geographic name entry element General
654 ## - SUBJECT ADDED ENTRY--FACETED TOPICAL TERMS
Focus term challenges
942 ## - ADDED ENTRY ELEMENTS (KOHA)
Koha item type BOOK
Holdings
Withdrawn status Lost status Damaged status Not for loan Collection Home library Current library Date acquired Total Checkouts Full call number Barcode Date last seen Price effective from Koha item type
        CRC Fr. Agnel's C.Rodrigues College of Engineering Fr. Agnel's C.Rodrigues College of Engineering 17/03/2023   333.7 ANI 14590 17/03/2023 17/03/2023 BOOK